Quizzes
Events
Quiz Creation
Community
Videos
Private Events
Remove Ads
Sign In
Join for FREE
Feedback
Dark Mode
Quiz Categories
Sports
Geography
Music
Movies
Television
Just For Fun
Miscellaneous
History
Literature
Language
Science
Gaming
Entertainment
Religion
Holiday
For Kids
Quiz Lab
Recent
Popular Today
Quiz Kudos Today
Editor Picks
Curator Picks
Quizzes by...
Day
Popularity
Type
Ratings
Length
Year
Community
Subscriptions
Recent Discussions
Orange Saloon
Badges
Playlists
Quests
Create
Leaderboards
Showdown
Live 5
Trivia Bingo
Activity
Puzzle Library
Sporcle Events
Private Events
Virtual Trivia
Globe League
Become a Host
Pub Owners
SporcleCon
Opinionation
Our Games
Videos
Blog
Mobile Apps
Partnerships
Remove Ads and Go Orange
Feedback
Sports
Athletes
MLB
NBA
NHL
NFL
Soccer
Sports Teams
WWE
NCAA
Football
Premier League
Basketball
Baseball
Hockey
Golf
Tennis
Cricket
Rugby
Auto Racing
Olympics
World Cup
Sports
Athletes
MLB
NBA
NHL
NFL
Soccer
Sports Teams
WWE
NCAA
Football
Premier League
Basketball
Baseball
Hockey
Golf
Tennis
Cricket
Rugby
Auto Racing
Olympics
World Cup
Random Quiz
Search Sporcle
×
Quiz Lab
Quiz Lab
Sports
Type in answers that appear in a list
Type in answers that appear in a list
Classic
Best Score? Go Orange.
NotGraphs Loyalty Quiz Stats
The NotGraphs Loyalty Quiz
By
euqubudhp
6m
26 Questions
386 Plays
386 Plays
386 Plays
Comments
Comments
Give Quiz Kudos
Give Quiz Kudos
-
- Ratings
hide this ad
Forced Order
Answers have to be entered in order
Answers have to be entered in order
Replay
Link that replays current quiz
Next Quiz
Link to next quiz in quiz playlist
You Got
0%
They Got
Avg Score
18%
Avg Friend Score
Upgrade to see
Score Distribution
Jump to the score distribution portion of the page
Score
0/26
Timer
06:00
0
Plays Today
Question
Answer
% Correct
Who won the Mike Trout Award last year?
Mike Trout
86.5%
Which player has received the most extensive bat flip coverage?
Yasiel Puig
73.1%
Who is the worst?
Carson
45.9%
What is the verb associated with images in NotGraphs?
embiggen
41.7%
What team does Navin Vaswani root for?
Toronto
34.2%
Who is depicted on the NotGraphs logo?
Joe West
33.4%
What team did David Temple adopt in 2013?
Houston Astros
33.2%
Who is most often inserted into Literature?
Dick Allen
26.9%
What nation did Mississippi Matt Smith use to transform people's names?
Curacao
15.5%
Who wrote the first NotGraphs post?
David Appelman
14.8%
What statistic did Zach Reynolds invent?
COOL
11.9%
Who did Banknotes Harper fire for failing to improve his margins?
Cal Ripken Jr.
11.1%
Which player's nickname was chosen as 'Hot Lettuce'?
Jeff Mathis
7.8%
Question
Answer
% Correct
Who did Hopeless Joe pay $50 in his auction for in 2013?
Mike Trout
6.7%
Who wrote the foreward for Craig Robinson's book, Flip Flop Fly Ball?
Rob Neyer
5.4%
What term does Dale Thayer use to describe his beer?
Icer
4.4%
Who killed Mike Bates's laptop in 2013?
Eric Chavez
3.4%
What power does John Olerud's helmet impart upon its wearer?
Invisibility
3.4%
According to 'Drinking with Boileryard Clarke', who is the Mayor of Busytown?
Fox
3.4%
Who won the long-
running Baseball Card Tournament?
No one
3.1%
What is the first object to have surrounded a man?
Rabbits
2.8%
Who was the first choice in the 2013 NotGraphantasy draft?
Mordecai Brown
2.3%
Who is believed to have delivered Carson Cistulli's newspaper?
Jamie Moyer
2.3%
What statistic did Dan Reichert lead the league in three years ago?
assassinations
2.1%
Who was the subject of the first Feast Day?
Bug Holliday
1.8%
Who, according to Google, is the reason you're wearing this rain jacket?
Greg Briley
1%
Quiz Playlist
Details
Report
Send in Message
Add To Playlist
Classic:
Type in answers that appear in a list
Forced Order:
Answers have to be entered in order
Last Updated: Feb 16, 2017
Quiz Scoreboard
CHALLENGE
Sign Up to Join the Scoreboard
Show All
Scores
Hide
Comments
May contain spoilers
Recently Published
Presidents Visiting Landmarks
by Hejman
History
7m
An Introduction to Baseball
by treessimontrees
Sports
5m
Movies - When Are They Set?
by FPL_Elf
Movies
5m
More to Explore
Quiz From the Vault
Featured Blog Post
Where Did the Easter Bunny Come From?
hide this ad
You Might Also Like...
Tags
This quiz does not have any tags.
Today's Top Quizzes in Sports
Browse Sports
hide this ad
Top Contributed Quizzes in Sports
1
Les meilleurs buteurs des matchs entre le PSG et l’OM
2
2022 World Cup Stars
3
FIFA Club World Cup Champions
4
Les entraîneurs de l'OM et du PSG au 21e siècle
5
Name the Premier League winners with different clubs
6
La finale Lions - Afrique du Sud 2021
7
England Test cricketers to play under Nasser Hussain
8
5-to-1: UK Sports Teams
9
Les joueurs passés par le LOSC et le RC Lens
10
Criteria MLB: Left Handed Sluggers
Explore More
Trending Topics
Anime
Kpop
Disney
Harry Potter
NBA
Marvel
Crossword
Pokémon
Song
The Office
Puzzle
NFL
Soccer
WWE
Country
hide this ad
More By:
euqubudhp
Quiz
Plays
Rating
Category
Featured
Created
Intentional Walks: Mariners
1,124
5.00
Sports
Sep 5, 2014
Greatest Mariners to Wear Each Number
1,123
2.33
Sports
Jun 27, 2014
Mariners Leadoff Home Runs
1,082
Sports
Sep 12, 2014
Mariners Top Draft Choices
994
5.00
Sports
Feb 26, 2015
Mariners Rated Rookies
949
Sports
Jun 12, 2014
Go to Creator's Profile
Score Distribution
Quiz Creator Spotlight
euqubudhp
Follow
Send a Message
Quizzes Created
-
Created Quiz Play Count
-
More By This Creator
Popular Quizzes Today
1
Find the US States - No Outlines Minefield
2
Find the Countries of Europe - No Outlines Minefield
3
The Countries of the World
4
Popular People in 1961
5
Find the US States
6
US States
7
Risky Map Clicking: Biggest States A-Z
8
1-10 Letter E Words III
More Sports Quizzes
Manchester City: Kits By Maker
Quiz Lab
Trending Quizzes
Risky Map Clicking: Least Populous States A-Z
1-10 Letter G Words
1-10 Letter F Words
One Thing in Common: United Kingdom
Risky Map Clicking: Next State Alphabetically
Recently Updated
Leaping Animals
pecheneg
Reality TV Shows (A-Z)
bhenderson79
Rickey Henderson's Hall of Fame Teammates
pecheneg
Champions League XIs: Arsenal
pecheneg
Quick Pick: Celebrities in WWE's Hall of Fame
aduchscher
A-Z Keypad Blitz II
pecheneg
Multiple Oscar Actors
pecheneg
Mystery Phrase Blitz: Oscar 'Best Actors'
pecheneg
F. Scott Fitzgerald Novels
LTH
Pick 3 Villains
ddd62291
Trending Topics
Harry Potter
Disney
Anime
Crossword
Kpop
Marvel
NBA
NFL
Pokémon
Song
Soccer
Country
WWE
Puzzle
The Office
Your Account Isn't Verified!
In order to create a playlist on Sporcle, you need to verify the email address you used during registration. Go to your
Sporcle Settings
to finish the process.
Report this User
Report this user for behavior that violates our
Community Guidelines
.
Details:
Send Report
Go to the Sporcle.com Mobile Site →
Comments